000 00399nam a2200181Ia 4500
001 15653
005 20260306170212.0
008 260306t2008||||xx |||||||||||||| ||und||
041 _aESP
082 _a570
_bS78 2007
100 _aStarr, Cecie
_eAUT
245 0 _aBiología
260 _c2008
300 _a916 páginas :
_ccm.
650 _aGEN
654 _aCCN
942 _cLIB
_dJUS
_fJUS
_2ddc
_n
999 _c15653
_d15653